Perfecta - Kobi Cantillo, Lenny Tavárez - Estadísticas

Estadísticas generales
  • Esta prueba ha sido intentada 2.739 veces
  • La puntuación promedio es 155 de 415
Estadísticas de respuestas
Letra % Correcto
a
89%
pe
78%
perfecta
78%
No
67%
no
67%
se
67%
eres
61%
la
61%
Las
61%
las
61%
mi
61%
61%
tu
61%
61%
61%
Y
61%
y
61%
el
56%
El
56%
lo
56%
Lo
56%
me
56%
de
50%
es
50%
yo
50%
Yo
50%
pa'
44%
por
44%
Por
44%
un
44%
una
44%
Una
44%
co
39%
diabla
39%
Ella
39%
ella
39%
en
39%
En
39%
pu
39%
sabe
39%
To'
39%
cara
33%
cuerpo
33%
que
33%
Te
33%
te
33%
al
28%
baby
28%
Cenicienta
28%
con
28%
inventa
28%
maldad
28%
pura
28%
tiene
28%
actriz
22%
intentarlo
22%
mala
22%
mío
22%
noche
22%
para
22%
poses
22%
sabe
22%
como
17%
Como
17%
Debería
17%
habitación
17%
Nena
17%
nena
17%
perfección
17%
pone
17%
portada
17%
revista
17%
salir
17%
Siempre
17%
Su
17%
tus
17%
x
17%
yeah
17%
3
11%
Ángel
11%
Bella
11%
bien
11%
corazón
11%
Cuando
11%
damn
11%
escucho
11%
eso
11%
Habla
11%
I'm
11%
imagino
11%
Mary
11%
otra
11%
pienso
11%
quiero
11%
Quiero
11%
roja
11%
solo
11%
todas
11%
ves
11%
viene
11%
voice
11%
ya
11%
180
6%
amigas
6%
aprenda
6%
best
6%
Cada
6%
Cari
6%
claro
6%
comprenda
6%
cuatro
6%
despoja
6%
Diciendo
6%
DM
6%
emoción
6%
encima
6%
endiabla
6%
Enrola
6%
entiendan
6%
esas
6%
está
6%
estrella
6%
forty
6%
foto
6%
friend
6%
ganas
6%
God
6%
haze
6%
Lemon
6%
like
6%
locuras
6%
mañana
6%
moja
6%
molly
6%
móntate
6%
muerdan
6%
pareces
6%
paredes
6%
pide
6%
presentarte
6%
puedo
6%
queda
6%
Quemando
6%
radiante
6%
Santo
6%
sorprendas
6%
Sube
6%
talento
6%
tiro
6%
triple
6%
verte
6%
vez
6%
No se encontraron pruebas coincidentes
Distribución de puntuación
Porcentaje de gente con cada puntuación
Porcentaje por número respondido
Historial de tus puntuaciones
No has intentado esta prueba.